Environmental impact assessment / (Record no. 15534)

000 -LEADER
fixed length control field 00466cam a2200169 i 4500
020 ## - INTERNATIONAL STANDARD BOOK NUMBER
ISBN 0877350612
040 ## - CATALOGING SOURCE
Transcribing agency DLC
082 00 - DEWEY DECIMAL CLASSIFICATION NUMBER
Classification number 363 FRE 1975 A077 Or.
245 00 - TITLE STATEMENT
Title Environmental impact assessment /
260 ## - PUBLICATION, DISTRIBUTION, ETC. (IMPRINT)
Place of publication San Francisco, CA :
Name of publisher Freeman, Cooper,
Year of publication c1975.
300 ## - PHYSICAL DESCRIPTION
Number of Pages 277 p. :
Other physical details ill. ;
Dimensions 25 cm.
500 ## - GENERAL NOTE
General note Includes index.
650 #0 - SUBJECT ADDED ENTRY--TOPICAL TERM
Topical Term Environmental impact statements
650 #0 - SUBJECT ADDED ENTRY--TOPICAL TERM
Topical Term Environmental protection
700 1# - ADDED ENTRY--PERSONAL NAME
Personal name Corwin, Ruthann,
942 ## - ADDED ENTRY ELEMENTS (KOHA)
Koha item type សៀវភៅភាសាអង់គ្លេស
952 ## - LOCATION AND ITEM INFORMATION (KOHA)
Withdrawn status [LOCAL, KOHA] 0
Holdings
Permanent Location Date acquired Koha item type Lost status Shelving location Barcode Current Location Full call number
Library Block A2017-11-28សៀវភៅភាសាអង់គ្លេស A077A06312Library Block A363 FRE 1975 A077 Or.
មជ្ឈមណ្ឌលឯការនៃសាកលវិទ្យាល័យភូមិន្ទកសិកម្មចំការដូង

Powered by Koha